Ракетная техника, космонавтика и артиллерия: биографии ученых и специалистов

Podrobná bibliografie
Hlavní autor: Мелуа А. И.
Shrnutí:Включает творческие биографии отечественных инженеров и ученых, внесших значительный вклад в развитие ракетно-космической техники и артиллерии. В приложении опубликован очерк истории космодрома Байконур.Составлена на основе материалов, представленных отдельными организациями, а также компьютерных баз данных Научного издательства "Гуманистика"; архивов и коллекций научных институтов, библиотек и исследователей, историко-научных публикаций. Названия организаций и фамилии специалистов, представивших материалы, приведены в биографических статьях и в списках на стр. 5-6.
Jazyk:ruština
Vydáno: СПб., Гуманистика, 2005
Vydání:2-е изд., доп.
Témata:
Médium: MixedMaterials Kniha
KOHA link:https://koha.lib.tpu.ru/cgi-bin/koha/opac-detail.pl?biblionumber=158736

MARC

LEADER 00000nam0a2200000 4500
001 158736
005 20231101222046.0
010 |a 5860502435 
035 |a (RuTPU)RU\TPU\book\172157 
090 |a 158736 
100 |a 20090428d2005 km y0rusy50 ca 
101 0 |a rus 
102 |a RU 
105 |a c f 001zd 
200 1 |a Ракетная техника, космонавтика и артиллерия  |e биографии ученых и специалистов  |f А. И. Мелуа 
205 |a 2-е изд., доп. 
210 |a СПб.  |c Гуманистика  |d 2005 
215 |a 1126 с.  |c портр. 
320 |a Библиогр.: с. 1113-1125 
330 |a Включает творческие биографии отечественных инженеров и ученых, внесших значительный вклад в развитие ракетно-космической техники и артиллерии. В приложении опубликован очерк истории космодрома Байконур.Составлена на основе материалов, представленных отдельными организациями, а также компьютерных баз данных Научного издательства "Гуманистика"; архивов и коллекций научных институтов, библиотек и исследователей, историко-научных публикаций. Названия организаций и фамилии специалистов, представивших материалы, приведены в биографических статьях и в списках на стр. 5-6. 
606 1 |a Ракетная техника  |2 stltpush  |3 (RuTPU)RU\TPU\subj\23673  |9 48221 
606 1 |a Космонавтика  |2 stltpush  |3 (RuTPU)RU\TPU\subj\15890  |9 42093 
610 1 |a инженеры 
610 1 |a ученые 
610 1 |a персоналии 
610 1 |a ракетно-космическая техника 
610 1 |a артиллерия 
610 1 |a история 
610 1 |a космодромы 
610 1 |a Байконур 
610 1 |a энциклопедии 
675 |a 629.76(031)  |v 3 
675 |a 629.78(031)  |v 3 
700 1 |a Мелуа  |b А. И. 
801 1 |a RU  |b 63413507  |c 20090428  |g PSBO 
801 2 |a RU  |b 63413507  |c 20141105  |g RCR 
942 |c BK 
959 |a 52/20090421  |d 1  |e 1650,00  |f ЧЗТЛ:1